Pokémon fusionnés avec Mewtwo - Statistiques

Statistiques générales
  • Ce quiz a été pris 113 fois
  • Le résultat moyen est 11 sur 16
Statistiques - réponses
Par images Réponse % Correct
Chétiflor
96%
Malosse
86%
Togekiss
83%
Cacturne
82%
Élecsprint
82%
Lianaja
78%
Vénipatte
74%
Babimanta
73%
Gaulet
69%
Brocélôme
67%
Roussil
65%
Sonistrelle
65%
Angoliath
59%
Foretress
56%
Piclairon
49%
Galvagla
45%
Aucun quiz correspondant
Distribution des résultats
% des personnes avec chaque résultat
Percentile par nombre de réponses
Votre historique - résultats
Vous n’avez pas pris ce quiz